| 000 | 00741nam a2200241Ia 4500 | ||
|---|---|---|---|
| 003 | OSt | ||
| 005 | 20220926003909.0 | ||
| 006 | a|||||r|||| 00| 0 | ||
| 007 | ta | ||
| 008 | 220923b |||||||| |||| 00| 0 eng d | ||
| 020 |
_a9780670083855 _c679.14999999999998 |
||
| 037 |
_b174/2011-12, 12/03/2012, PIONEER BOOK DISTRIBUTORS _cGeneral Book |
||
| 040 |
_aRTL _cRTL _beng |
||
| 041 |
_2eng _aeng |
||
| 082 | _aV2.N, Q0 | ||
| 100 | _aGuha Ramachandra | ||
| 245 | 0 | _aMakers of modern India | |
| 260 |
_a New Delhi _bPenguin _c2010 |
||
| 300 |
_ax, 549p _ccm. |
||
| 650 | _aSociology | ||
| 942 |
_hV2.N, Q0 _cGB _2CC |
||
| 999 |
_c609137 _d609137 |
||